You shall receive power / (Record no. 9888)

MARC details
000 -LEADER
fixed length control field 00532nam a22001937a 4500
003 - CONTROL NUMBER IDENTIFIER
control field GBCCL
005 - DATE AND TIME OF LATEST TRANSACTION
control field 20241126110721.0
008 - FIXED-LENGTH DATA ELEMENTS--GENERAL INFORMATION
fixed length control field 230818b ||||| |||| 00| 0 eng d
040 ## - CATALOGING SOURCE
Transcribing agency GBC
082 ## - DEWEY DECIMAL CLASSIFICATION NUMBER
Classification number 289.94
Item number LIM
100 ## - MAIN ENTRY--PERSONAL NAME
Personal name Lim, Jean
9 (RLIN) 17195
245 ## - TITLE STATEMENT
Title You shall receive power /
Statement of responsibility, etc. Jean Lim
260 ## - PUBLICATION, DISTRIBUTION, ETC.
Place of publication, distribution, etc. Malaysia :
Name of publisher, distributor, etc. Sparrows Direct,
Date of publication, distribution, etc. 2000
300 ## - PHYSICAL DESCRIPTION
Extent 60p. ;
650 ## - SUBJECT ADDED ENTRY--TOPICAL TERM
Topical term or geographic name entry element Mission of the church
9 (RLIN) 50
650 ## - SUBJECT ADDED ENTRY--TOPICAL TERM
Topical term or geographic name entry element Pentecostal churches Doctrines
9 (RLIN) 17196
650 ## - SUBJECT ADDED ENTRY--TOPICAL TERM
Topical term or geographic name entry element Power (Christian theology)
9 (RLIN) 2851
942 ## - ADDED ENTRY ELEMENTS (KOHA)
Source of classification or shelving scheme Dewey Decimal Classification
Koha item type Books
Holdings
Withdrawn status Lost status Source of classification or shelving scheme Damaged status Not for loan Home library Current Library Shelving location Date acquired Total checkouts Full call number Barcode Date last seen Copy number Price effective from Koha item type
    Dewey Decimal Classification     GRACE BIBLE COLLEGE GRACE BIBLE COLLEGE Church History 2023-08-18   289.94 LIM 020401 2025-05-01 c.1 2023-08-18 Books
© Grace Bible College Library 2025